=LDR 00000nam 2200000 4500 =001 INLIS000000000047334 =005 20161202163323.0 =006 =007 =008 =020 ##$$a 978-979-044-156-9 =035 ##$$0010-101500000000045 =040 ##$$a ind =082 ##$$a 660.6 =090 ##$$a 660.6 $b ded b. 4 =100 ##$$a Deden =245 ##$$a Bioteknologi : Pemanfaatan Mikroorganisme =250 ##$$a - =260 ##$$a Jakarta $b EGC $c 2011 =300 ##$$a xvi, 355 hlm $b 24 cm =850 ##$$a NBPDMAT =990 ##$$a 0001/BPAP-NTB/2015 =990 ##$$a 0001/BPAP-NTB/2016 =990 ##$$a 21602924/BPAP-NTB/2017